000 00389nam a2200145Ia 4500
008 211109s9999||||xx |||||||||||||| ||und||
082 _a891.433
_bPRE-M
100 _aPremchand,
245 0 _aMana Sarovar
260 _bUn Known
_aMisplace
_c1946
300 _a450p.
630 _xGeneral Stack
650 _aEast Indo-European & Celtic literatures
_vLiterature
_xGeneralia
942 _cBOOK
999 _c12039
_d12039